LEADER 01241nam 2200349Ia 450 001 996392279803316 005 20221108034847.0 035 $a(CKB)1000000000679585 035 $a(EEBO)2248541643 035 $a(OCoLC)17810825 035 $a(EXLCZ)991000000000679585 100 $a19880419d1695 uy | 101 0 $aeng 135 $aurbn||||a|bb| 200 10$aAristophanous ko?mo?diai duo Ploutos kai nephelai$b[electronic resource] $emeta scholio?n palaio?n panu o?phelimo?n = Aristophanis com?dæ duæ Plutus & Nubes : cum scholis græcis antiquis, quibus adjiciuntur notæ quædam, simul cum gemino indice 210 $aLondon $cImpensis Rob. Clavel...$d1695 215 $a[24], 463, [36] p 300 $aTitle in Greek and Latin. 300 $aIncludes index. 300 $aAuthor name Aristophanis on title page. 300 $aText in Greek and Latin. 300 $aReproduction of original in the British Library. 330 $aeebo-0018 700 $aAristophanes$0602827 701 $aAristophanes$0602827 801 0$bEAI 801 1$bEAI 801 2$bWaOLN 906 $aBOOK 912 $a996392279803316 996 $aAristophanous ko?mo?diai duo Ploutos kai nephelai$92993891 997 $aUNISA LEADER 04929nam 2200625Ia 450 001 9910964712503321 005 20251117003552.0 010 $a0-8214-4196-5 035 $a(CKB)1000000000714074 035 $a(EBL)3026915 035 $a(SSID)ssj0000280387 035 $a(PQKBManifestationID)11240779 035 $a(PQKBTitleCode)TC0000280387 035 $a(PQKBWorkID)10268913 035 $a(PQKB)11742708 035 $a(MiAaPQ)EBC3026915 035 $a(Au-PeEL)EBL3026915 035 $a(CaPaEBR)ebr10141108 035 $a(OCoLC)560195206 035 $a(BIP)35538392 035 $a(BIP)11951749 035 $a(EXLCZ)991000000000714074 100 $a20050805d2005 uy 0 101 0 $aeng 135 $aur|n|---||||| 181 $ctxt 182 $cc 183 $acr 200 00$aHow green were the Nazis? $enature, environment, and nation in the Third Reich /$fedited by Franz-Josef Bruggemeier, Mark Cioc, and Thomas Zeller 205 $a1st ed. 210 $aAthens $cOhio University Press$dc2005 215 $a1 online resource (291 p.) 225 1 $aOhio University Press series in ecology and history 300 $aDescription based upon print version of record. 311 08$a0-8214-1646-4 320 $aIncludes bibliographical references and index. 327 $a""Contents""; ""Acknowledgments""; ""Introduction""; ""Legalizing a Volksgemeinschaft""; ""a???Eternal Foresta???Eternal Volka???""; ""a???It Shall Be the Whole Landscape!a???""; ""Polycentrism in Full Swing""; ""Breeding Pigs and People for the Third Reich""; ""Molding the Landscape of Nazi Environmentalism""; ""Martin Heidegger, National Socialism, and Environmentalism""; ""Blood or Soil?""; ""Violence as the Basis of National Socialist Landscape Planning in the a???Annexed Eastern Areasa???""; ""Glossary""; ""Selected Bibliography""; ""Contributors""; ""Index"" 330 $aThe Nazis created nature preserves, contemplated sustainable forestry, curbed air pollution, and designed the autobahn highway network as a way of bringing Germans closer to nature. How Green Were the Nazis? is the first book to examine the ideology and practice of environmental protection in Nazi Germany. Environmentalists and conservationists in Germany welcomed the rise of the Nazi regime with open arms, for the most part, and hoped that it would bring about legal and institutional changes. However, environmentalists soon realized that the rhetorical attention that they received from the regime did not always translate into action. By the late 1930s, nature and the environment became less pressing concerns as Nazi Germany prepared and executed its extensive war. Based on prodigious archival research, and written by some of the most important scholars in the field of twentieth-century German history, How Green Were the Nazis? illuminates the ideological overlap between Nazi ideas and conservationist agendas. Moreover, this landmark book underscores that the "green" policies of the Nazis were more than a mere episode or aberration in environmental history.((BLURB))-"The environmental ideas, policies, and consequences of the Nazi regime pose controversial questions that have long begged for authoritative answers. At last, a team of highly qualified scholars has tackled these questions, with dispassionate judgment and deep research. Their assessment will stand for years to come as the fundamental work on the subject-and provides a new angle of vision on 20th-century Europe's most disruptive force."-John McNeill, author of Something New Under the Sun: An Environmental History of the Twentieth-Century World-EDITORS-Franz-Josef Brueggemeier is a professor of history at the university of Freiburg, Germany. He has published extensively in the field of environmental history in nineteenth- and twentieth-century Europe.Mark Cioc is a professor of history at the University of California, Santa Cruz, and editor of the journal Environmental History. He is the author of The Rhine: An Eco-Biography, 1815-2000. Thomas Zeller is an assistant professor in the department of history at the University of Maryland, College Park. He is the author of Strasse, Bahn, Panorama, translated as Driving Germany. 410 0$aOhio University Press series in ecology and history. 606 $aEnvironmental policy$zGermany$xHistory$y20th century 606 $aGreen movement$xHistory$y20th century 607 $aGermany$xPolitics and government$y1933-1945 615 0$aEnvironmental policy$xHistory 615 0$aGreen movement$xHistory 676 $a333.7/0943/09043 701 $aBru?ggemeier$b Franz-Josef$0430810 701 $aCioc$b Mark$01114132 701 $aZeller$b Thomas$01864482 801 0$bMiAaPQ 801 1$bMiAaPQ 801 2$bMiAaPQ 906 $aBOOK 912 $a9910964712503321 996 $aHow green were the Nazis$94471316 997 $aUNINA